000 00954pam a2200289 i 4500
999 _c176573
_d176573
005 20200302125327.0
008 190410s2019 my e 000 f may
020 _a9789674980283
_qpaperback
_cRM25.00
040 _aPPAK
_beng
_cPPAK
_erda
082 0 4 _a899.2333
_223
090 0 0 _a899.2333
_bRAM
_dG
100 0 _aRamlee Awang Murshid,
_eauthor.
_d1967-
245 1 0 _a9 NYAWA /
_cRAMLEE AWANG MURSHID ; Editor : Patonah Chai Choh, Ruzita Awaluddin
246 3 _aSembilan Nyawa
264 1 _aShah Alam, Selangor :
_bGRUP BUKU KARANGKRAF SDN. BHD.,
_c[2019?]
300 _a519 pages ;
_c19 cm
336 _atext
_2rdacontent
337 _aunmediated
_2rdamedia
338 _avolume
_2rdacarrier
504 _aBibliography : pages 518-519.
650 1 4 _aMalaysian fiction (Malay)
650 2 0 _aMalay fiction
650 2 0 _aAdult fiction, Malay
700 0 _aPatonah Chai Choh,
_eeditor.
700 0 _aRuzita Awaluddin,
_eeditor.
942 _2ddc
_cB